Russian Financial Control Monitor

Bibliographic Details
Format: Journal
Language:English
Published: Moscow : Mosclow Chamber of Commerce and Industry, 2011-
Subjects:
Online Access:http://www.vlex.com/source/7326

MARC

LEADER 00000nas a22000007a 4500
005 20130315105948.0
007 cr|||| ||||
008 130315c20119999ru u|p s|||| 0|||a1eng d
035 |a 7326 
040 |a vLex 
090 |c 3926  |d 3926 
245 0 0 |a Russian Financial Control Monitor  |h [Recurso electrn̤ico]  
256 |a Servicio en ln̕ea 
260 |a Moscow :  |b Mosclow Chamber of Commerce and Industry,   |c 2011- 
300 |a 1 Recurso electrn̤ico 
506 |d vLex Global  |d vLex Global (Academic Edition, excluding Law Schools)  |d vLex Global (U.S. Academic Edition, Law Schools)  |d vLex Global (U.S. Academic Edition, excluding Law Schools)  |d vLex Global (Academic Edition, Law Schools) 
650 0 4 |a Economa̕  |v Revistas  |z Rusia 
740 |a vLex Revistas (Servicio en ln̕ea) 
856 |a Acceso restringido  |u http://www.vlex.com/source/7326 
942 |c REV 
999 0 |a Economics